Automatické testovanie softvéru

Salvato in:
Dettagli Bibliografici
Autore principale: Bruchatý, Marek (Autore)
Altri autori: Rástočný, Karol (Relatore della tesi)
Natura: Manoscritto Libro
Lingua:slovacco
inglese
Pubblicazione: 2016
Soggetti:
Accesso online:http://is.stuba.sk/zp/portal_zp.pl?podrobnosti=106324
Tags: Aggiungi Tag
Nessun Tag, puoi essere il primo ad aggiungerne!!

MARC

LEADER 00000ntm a22000003a 4500
001 stuzp59105
003 SK-STU
005 20160719155751.2
007 ta
008 150427s2015----xo-----f-mn---000-0-slo-d
040 |a STU  |b slo 
041 0 |a eng 
100 1 |a Bruchatý, Marek  |u 070200  |4 aut  |U FIIT Fakulta informatiky a informačných technológií  |T FIIT Ústav informatiky, informačných systémov a softvérového inžinierstva  |X 72020  |U I200  |Y 179  |7 72020 
242 0 1 |a Automatické testovanie softvéru  |y slo 
245 1 0 |a Automatické testovanie softvéru 
260 |c 2016 
650 4 |a Automatizácia  |2 slo 
650 4 |a Testovanie  |2 slo 
650 4 |a TDD  |2 slo 
650 4 |a testing  |2 eng 
650 4 |a automatization  |2 eng 
650 4 |a TDD  |2 eng 
700 1 |a Rástočný, Karol  |u 070200  |k Z2  |4 ths  |U FIIT Fakulta informatiky a informačných technológií  |T FIIT Ústav informatiky, informačných systémov a softvérového inžinierstva  |X 36279  |U I200  |Y 179  |7 36279 
856 4 |u http://is.stuba.sk/zp/portal_zp.pl?podrobnosti=106324 
996 |b 8104  |c I* BAP 85/2016  |l II680  |s P  |a 0  |w stuzp59105_0001 
SQL |a stuzp59105  |b DBP  |c ENG  |d Automatické testovanie softvéru  |e 72020  |f Bruchatý, Marek  |g 070200  |h 36279  |i Rástočný, Karol  |j 20160620  |k 202  |l 07  |m http://is.stuba.sk/zp/portal_zp.pl?podrobnosti=106324  |n B-INFO  |o 9.2.1. informatika